Swansea City 2013-14 Squad - Statistics

General Stats
  • This quiz has been taken 334 times
  • The average score is 16 of 24
Answer Stats
Position Player % Correct
DF Ashley Williams
94%
GK Michel Vorm
94%
FW Michu
90%
MF Nathan Dyer
89%
FW Wilfried Bony
87%
GK Gerhard Tremmel
84%
DF Angel Rangel
82%
MF Leon Britton
82%
MF Wayne Routledge
81%
DF Neil Taylor
80%
DF Ben Davies
79%
DF Chico Flores
73%
MF Jonathan De Guzman
70%
MF Jonjo Shelvey
70%
MF Pablo Hernandez
62%
DF Garry Monk
59%
MF Jose Canas
58%
DF Jordi Amat
57%
DF Dwight Tiendalli
52%
MF Alejandro Pozuelo
47%
MF Roland Lamah
39%
GK Gregor Zabret
33%
FW Alvaro Vazquez
31%
FW Rory Donnelly
26%
No matching quizzes found
Score Distribution
Percent of People with Each Score
Percentile by Number Answered
Your Score History
You have not taken this quiz